000 00667nam a2200205 a 4500
001 000029782
003 DO-SdBNP
005 20250129073605.0
008 110425s1980 dr 000 0 spa d
040 _aDO-SdBNP
_bspa
_cBNPHU
049 _aBNPD
082 _axxxx
_bT147s
100 1 _aBalcácer, Juan Daniel,
_d1949-
_96566
245 1 3 _aLa Secretaría de Estado de Finanzas de la República Dominicana /
_cJuan Daniel Balcácer; presentación, Bolívar Báez Ortiz.
260 _aSanto Domingo :
_bTaller,
_c1980.
300 _a47 p. ;
_c23 cm.
500 _aIncluye notas al pie de las páginas.
700 1 2 _aBaez Ortiz, Bolivar
_956542
942 _2ddc
_cLBS1
999 _c29274
_d29274